UM Logo

Principal faces DepEd probe for what he said about special kids/ (Record no. 10246)

MARC details
000 -LEADER
fixed length control field 00404nam a2200121 4500
008 - FIXED-LENGTH DATA ELEMENTS--GENERAL INFORMATION
fixed length control field 180809b ||||| |||| 00| 0 eng d
100 ## - MAIN ENTRY--PERSONAL NAME
9 (RLIN) 30225
Personal name Andrade, Jeanette I.
245 ## - TITLE STATEMENT
Title Principal faces DepEd probe for what he said about special kids/
Statement of responsibility, etc. Jeanette I. Andrade
260 ## - PUBLICATION, DISTRIBUTION, ETC. (IMPRINT)
Place of publication, distribution, etc. Philippines
Name of publisher, distributor, etc. Philippine Daily Inquirer
Date of publication, distribution, etc. c2017
300 ## - PHYSICAL DESCRIPTION
Extent page A10.
650 #0 - SUBJECT ADDED ENTRY--TOPICAL TERM
9 (RLIN) 30226
Topical term or geographic name as entry element Handicapped.
942 ## - ADDED ENTRY ELEMENTS (KOHA)
Source of classification or shelving scheme Dewey Decimal Classification
Koha item type Periodicals
Holdings
Withdrawn status Lost status Source of classification or shelving scheme Damaged status Not for loan Collection code Home library Current library Date acquired Total Checkouts Date last seen Price effective from Koha item type Public note
    Dewey Decimal Classification     Periodicals UM Digos College - LIC UM Digos College - LIC 08/09/2018   08/09/2018 08/09/2018 Periodicals Newspaper Clippings